000 00479nam a2200157Ia 4500
999 _c20317
_d20317
003 OSt
005 20200609153939.0
008 190216s9999||||xx |||||||||||||| ||und||
040 _coclc
082 _a378.544
_bTON/A
100 _aTonki, S M
_92712
245 0 _aAligarh And Jamia Fight For National Education System /
_cS M Tonki
260 _bPeoples Pub.House,
_c1983.
_aNew Delhi:
300 _a99 p
942 _cBK
_2ddc
_h378.544
_iTON/A
_k378.544
_mTON/A